Environmental liabilities for the landlords and tenants and the impact on the valuation of industrial buildings (Record no. 79185)

MARC details
000 -LEADER
fixed length control field 01146cab a22002295a 4500
001 - CONTROL NUMBER
control field L140086
008 - FIXED-LENGTH DATA ELEMENTS--GENERAL INFORMATION
fixed length control field 070904s2007 xxk f 000 0 eng d
035 ## - SYSTEM CONTROL NUMBER
System control number (Sirsi) u140086
041 0# - LANGUAGE CODE
Language code of text/sound track or separate title eng
100 1# - MAIN ENTRY--PERSONAL NAME
Personal name Jayne, Michael
245 00 - TITLE STATEMENT
Title Environmental liabilities for the landlords and tenants and the impact on the valuation of industrial buildings
Remainder of title implications for property managers
260 ## - PUBLICATION, DISTRIBUTION, ETC.
Date of publication, distribution, etc. 2007
490 #0 - SERIES STATEMENT
Series statement Property Management
Volume/sequential designation 25(4) 2007, 360-380(20)
520 ## - SUMMARY, ETC.
Summary, etc. Reviews the response of professionals involved in the letting and management of industrial buildings to the implementation of Part IIa of the Environmental Protection Act 1990. Identifies considerable variation in how professionals are responding to current environmental legislation. Many leave environmental matters to the lawyers or rely on standard lease terms. Suggests areas for improving best practice.
590 ## - LOCAL NOTE (RLIN)
Local note ka
650 24 - SUBJECT ADDED ENTRY--TOPICAL TERM
Topical term or geographic name entry element ENVIRONMENTAL PROTECTION ACT 1990 PART IIA
651 #4 - SUBJECT ADDED ENTRY--GEOGRAPHIC NAME
Geographic name United Kingdom
Chronological subdivision
690 ## - LOCAL SUBJECT ADDED ENTRY--TOPICAL TERM (OCLC, RLIN)
Topical term or geographic name as entry element PROPERTY-COMMERCIAL PROPERTY-COMMERCIAL LANDLORD AND TENANT
700 1# - ADDED ENTRY--PERSONAL NAME
Personal name Mackmin, David
700 1# - ADDED ENTRY--PERSONAL NAME
Personal name Syms, Paul
942 ## - ADDED ENTRY ELEMENTS (KOHA)
Suppress in OPAC 0
Holdings
Withdrawn status Lost status Source of classification or shelving scheme Damaged status Not for loan Home library Current library Shelving location Date acquired Total Checkouts Full call number Barcode Date last seen Copy number Price effective from Koha item type
    Dewey Decimal Classification     London London Journal article 04/09/2007   L140086 140086-1001 06/08/2019 1 06/08/2019 Journal article